[Event "Japfa Open"]
[Site "Bali INA"]
[Date "2000.05.06"]
[Round "4"]
[White "Johansen,D"]
[Black "Irwanto"]
[Result "1-0"]
[WhiteElo "2494"]
[BlackElo "2315"]

1.c4 e5 2.g3 Nf6 3.Bg2 c6 4.d4 exd4 5.Qxd4 d5 6.Nf3 Be7 7.cxd5 Qxd5 8.Nc3 Qxd4
9.Nxd4 O-O 10.O-O Rd8 11.Rd1 Na6 12.Bf4 Nb4 13.Nb3 Be6 14.Na5 Rxd1+ 15.Rxd1 Nxa2
16.Nxa2 Bxa2 17.Nxb7 Bd5 18.Rc1 a5 19.Nc5 a4 20.Nd3 h6 21.Bxd5 cxd5 22.Be5 Nd7
23.Bd4 Bf6 24.Bxf6 Nxf6 25.Rc3 Nd7 26.Rc6 Nf6 27.Rc3 Nd7 28.Rc7 Nf6 29.Kg2 Ne8
30.Rd7 Nf6 31.Rb7 Ne4 32.Rb5 a3 33.bxa3 Nc3 34.Rb3 Nxe2 35.Nb2 d4 36.Rd3 Nc3
37.Nc4 Nb5 38.Rb3 Ra4 39.Rb4 Rxb4 40.axb4 Kf8 41.Kf3 Ke7 42.Ke4 Ke6 43.Nb6 f5+
44.Kd3 Kd6 45.Kc4 Kc6 46.Nc8 d3 47.Kxd3 Kd5 48.Nb6+ Kc6 49.Na4 Kd6 50.Nc3 Nc7
51.Kc4 Ne6 52.Nb5+ Ke5 53.f4+ Kf6 54.Nd4 Nf8 55.b5 Nd7 56.Kd5 Nb6+ 57.Kc6 Nc4
58.b6 g5 59.b7 Na5+ 60.Kb6 Nxb7 61.Kxb7 Kg6 62.h3 Kh5 63.Nxf5 gxf4 64.gxf4  1-0

[Event "Capablanca Mem Premier II"]
[Site "Varadero CUB"]
[Date "2000.05.10"]
[Round "4"]
[White "Matamoros Franco,C"]
[Black "Del Rio Angelis,S"]
[Result "1/2-1/2"]
[WhiteElo "2492"]
[BlackElo "2463"]

1.c4 e5 2.g3 Nf6 3.Bg2 c6 4.d4 exd4 5.Qxd4 d5 6.cxd5 Nxd5 7.Nf3 Bb4+ 8.Bd2 Bxd2+
9.Nbxd2 O-O 10.O-O Na6 11.Rfd1 Qe7 12.Qe4 Qf6 13.Nc4 Be6 14.Qd4 Qe7 15.Qe5 f6
16.Qd6 Rad8 17.Qxe7 Nxe7 18.Na5  1/2-1/2

[Event "FSFM May"]
[Site "Budapest HUN"]
[Date "2000.05.11"]
[Round "6"]
[White "Melaxasz,V"]
[Black "Szirmai,Ed"]
[Result "1-0"]
[WhiteElo "2150"]
[BlackElo "2204"]

1.c4 e5 2.g3 f5 3.Bg2 Nf6 4.Nc3 d6 5.e3 g6 6.Nge2 Bg7 7.d4 Nbd7 8.O-O O-O
9.dxe5 dxe5 10.b3 a6 11.Ba3 Re8 12.Qc2 Bf8 13.Bxf8 Kxf8 14.Rad1 Qe7 15.Nd5 Nxd5
16.cxd5 Nf6 17.Rc1 Rd8 18.Qxc7 Nxd5 19.Bxd5 Rxd5 20.f4 exf4 21.Qxf4 g5 22.Qf3 Rd3
23.Rxc8+  1-0

[Event "ch-RUS Women"]
[Site "Elista RUS"]
[Date "2000.05.11"]
[Round "1"]
[White "Demina,J"]
[Black "Ovchinikova,J"]
[Result "1/2-1/2"]
[WhiteElo "2376"]
[BlackElo "2221"]

1.c4 e5 2.g3 Nf6 3.Bg2 Nc6 4.Nc3 Bb4 5.Nd5 Be7 6.d3 O-O 7.e3 Re8 8.Ne2 Bf8
9.O-O Nb4 10.Nxf6+ Qxf6 11.a3 Na6 12.f4 c6 13.f5 Nc7 14.Nc3 Qd8 15.Qf3 b6
16.b4 Bb7 17.e4 d5 18.exd5 cxd5 19.cxd5 Qd7 20.f6 g6 21.Bb2 Rad8 22.Rae1 a5
23.bxa5 bxa5 24.Re2 Bc5+ 25.Kh1 h5 26.Rfe1 Bd4 27.Ne4 Nb5 28.Bxd4 Nxd4 29.Qe3 Bxd5
30.Rf2 Kh7 31.Ng5+ Kg8 32.Ne4 Kh7 33.Ng5+ Kg8 34.Ne4  1/2-1/2

[Event "FSIM May"]
[Site "Budapest HUN"]
[Date "2000.05.17"]
[Round "12"]
[White "Nemeth,Z"]
[Black "Cooke,E"]
[Result "0-1"]
[WhiteElo "2379"]
[BlackElo "2266"]

1.c4 e5 2.g3 Nc6 3.Bg2 d6 4.Nc3 g6 5.e3 Bg7 6.Nge2 f5 7.b3 Nf6 8.O-O O-O
9.Ba3 Rb8 10.Rc1 g5 11.f4 h6 12.d4 Ng4 13.Qd2 exd4 14.exd4 gxf4 15.gxf4 Bd7
16.Nd5 Re8 17.Bb2 Ne7 18.h3 Nf6 19.Nxf6+ Bxf6 20.Ng3 Kh7 21.Nh5 Bh4 22.d5 Ng6
23.Qd4 Qe7 24.Rce1 Qf7 25.Bf3 c5 26.dxc6 Bxc6 27.Rxe8 Rxe8 28.Bxc6 bxc6 29.Qxd6 Re2
30.Bf6 Re6 31.Qc5 Bxf6 32.Qxf5  0-1

[Event "ch-NED"]
[Site "Rotterdam NED"]
[Date "2000.05.19"]
[Round "11"]
[White "Bosboom,M"]
[Black "De Vreugt,D"]
[Result "0-1"]
[WhiteElo "2461"]
[BlackElo "2498"]

1.c4 e5 2.g3 Nc6 3.Bg2 g6 4.Nc3 Bg7 5.Rb1 Nf6 6.b4 O-O 7.d3 a6 8.Nf3 d6 9.O-O h6
10.a4 Be6 11.b5 axb5 12.axb5 Ne7 13.Bb2 Qd7 14.Qb3 Bh3 15.Ra1 Bxg2 16.Kxg2 g5
17.Rxa8 Rxa8 18.Ra1 Rxa1 19.Bxa1 Ng6 20.Bb2 Kh7 21.Qc2 c6 22.bxc6 bxc6 23.Qa4 Nh5
24.Qd1 d5 25.e3 g4 26.Nd2 d4 27.exd4 exd4 28.Nce4 f5 29.Nc5 Qe7 30.Ba3 Bf8
31.h3 Nhf4+ 32.gxf4 Nxf4+ 33.Kg3 Ne2+ 34.Kg2 Nf4+ 35.Kg3 Ne2+ 36.Kg2 gxh3+
37.Kxh3 Nf4+ 38.Kh2 Qh4+ 39.Kg1 Bxc5  0-1

[Event "FSIMA June"]
[Site "Budapest HUN"]
[Date "2000.06.10"]
[Round "8"]
[White "Kolbus,D"]
[Black "Valenti,G"]
[Result "1-0"]
[WhiteElo "2286"]
[BlackElo "2202"]

1.c4 e5 2.g3 c6 3.d4 d6 4.Nc3 Nf6 5.Bg2 Nbd7 6.e4 Be7 7.Nge2 O-O 8.O-O Re8
9.d5 cxd5 10.cxd5 a6 11.f3 b5 12.Be3 Bb7 13.Qd2 Nb6 14.b3 Nfd7 15.Nd1 Rc8
16.Nb2 Nc5 17.Nc1 h6 18.h4 Qc7 19.Ncd3 Bd8 20.Bh3 Ncd7 21.Rfc1 Qb8 22.Kh2 Rc7
23.Rxc7 Bxc7 24.Rc1 Qd8 25.a4 bxa4 26.bxa4 a5 27.Qc3 Na8 28.Nc4 Ba6 29.Ndb2 Nab6
30.Na3 Be2 31.Rc2 Ba6 32.Qxa5 Nc4 33.Qxa6 Nxa3 34.Rc3 Qb8 35.Nd3 Nb1 36.Rc2 Qb3
37.Rb2 Qd1 38.Nf2 Qxf3 39.Qd3  1-0

[Event "ch-CRC"]
[Site "San Jose CRC"]
[Date "2000.06.19"]
[Round "1"]
[White "Valdes,Le"]
[Black "Bermudez,S"]
[Result "0-1"]
[WhiteElo "2313"]
[BlackElo "2185"]

1.c4 e5 2.g3 Nf6 3.Bg2 d5 4.cxd5 Nxd5 5.Nf3 Nc6 6.d3 Be7 7.O-O O-O 8.a3 Be6
9.b4 Bf6 10.e4 Nb6 11.Bb2 Qd7 12.Qc2 Rfd8 13.Ne1 Rac8 14.Nd2 Nd4 15.Bxd4 Qxd4
16.Rc1 c5 17.Ndf3 Qd7 18.bxc5 Na4 19.d4 exd4 20.Nd3 Nc3 21.Rfe1 Be7 22.Nde5 Qc7
23.Nxd4 Rxd4 24.Nf3 Rc4 25.Bf1 Rxc5  0-1

[Event "It Ingres"]
[Site "Montauban FRA"]
[Date "2000.06.25"]
[Round "4"]
[White "Marcelin,C"]
[Black "Chabanon,JL"]
[Result "1/2-1/2"]
[WhiteElo "2439"]
[BlackElo "2440"]

1.c4 e5 2.g3 d6 3.Bg2 g6 4.Nc3 Bg7 5.e4 Nc6 6.Nge2 h5 7.h4 Bg4 8.f3 Be6 9.d3 Qd7
10.Nd5 Nce7 11.d4 Bxd5 12.cxd5 exd4 13.Nxd4 c5 14.Bh3 Qc7 15.Qa4+ Kf8 16.Nb5 Qb6
17.O-O a6 18.Nc3 Be5 19.Kh2 Nf6 20.Qc2 Neg8 21.Ne2 Re8 22.Rb1 Nh6 23.a3 Kg7
24.b4 c4 25.Qxc4 Nfg4+ 26.fxg4 hxg4 27.Bxh6+ Rxh6 28.Bxg4 Rxh4+ 29.Kg2 Rxg4
30.Qd3 Rg5 31.Nf4 Qd4 32.Qxd4 Bxd4 33.Kf3 Rge5 34.Rbc1 g5 35.Rc4 gxf4 36.Rxd4 fxg3
37.Rg1 Rc8 38.Rxg3+ Kf6 39.Rd3 Rc1 40.Kf4 Rc4 41.Rge3 b5 42.Re2 Rh5 43.Kg4 Kg6
44.Kg3 Rg5+ 45.Kf4 Kf6 46.Rh2 Rf5+ 47.Ke3 Rf1 48.Rh6+ Ke7 49.Rh4 Rcc1 50.Rh8 Rce1+
51.Kd4 Re2 52.Ra8 Rc1 53.Ra7+ Kd8 54.Rh3 Rc7 55.Rxc7 Kxc7 56.Rf3 Rd2+ 57.Ke3 Ra2
58.Rxf7+ Kc8 59.Rf8+ Kc7 60.Rf7+ Kc8 61.Ra7 Rxa3+ 62.Kf4 Ra4 63.Kf5 Rxb4
64.Rxa6 Kc7 65.Ra7+ Kc8 66.Rh7 Rc4 67.e5 dxe5 68.Ke6 e4 69.d6 Rd4 70.Rh8+ Kb7
71.d7 e3 72.Rh1 Kb6 73.Ke7  1/2-1/2

[Event "XVIII Open"]
[Site "Andorra AND"]
[Date "2000.06.29"]
[Round "6"]
[White "Volman,H"]
[Black "Westerinen,H"]
[Result "0-1"]
[WhiteElo "2214"]
[BlackElo "2392"]

1.c4 e5 2.g3 Nc6 3.Bg2 g6 4.Nc3 Bg7 5.d3 Nf6 6.e4 O-O 7.Nge2 d6 8.O-O a6
9.Nd5 Nxd5 10.cxd5 Ne7 11.Be3 Bd7 12.Qb3 c6 13.Qxb7 cxd5 14.exd5 Bb5 15.Rfd1 Nf5
16.Qb6 Qe7 17.Bc1 Rfc8 18.Nc3 Rcb8 19.Qa5 Nd4 20.Ne4 h6 21.Be3 f5 22.Nc3 Nc2
23.Rac1 Nxe3 24.fxe3 Qa7 25.Nxb5 Qxe3+ 26.Kh1 Rxb5 27.Qd2 Qd4 28.b3 Rc5 29.Rxc5 dxc5
30.Qc2 Rd8 31.Qc4 Qxc4 32.dxc4 e4 33.Kg1 a5 34.Kf2 Kf7 35.Ke2 Kf6 36.Kd2 Ke5
37.Kc2 Kd6 38.Rf1 h5 39.h3 Rh8 40.Kd2 Be5 41.Bxe4 fxe4 42.Ke3 Re8 43.Kxe4 Bxg3+
44.Kd3 Be5 45.Rf7 Bd4 46.Ra7 Re3+ 47.Kd2 Rxh3 48.Ra6+ Kd7 49.Rxg6 h4 50.Ke2 Re3+
51.Kf1 h3 52.Rh6 Be5  0-1

[Event "XVIII Open"]
[Site "Andorra AND"]
[Date "2000.07.01"]
[Round "8"]
[White "Marin,M"]
[Black "Campora,D"]
[Result "1/2-1/2"]
[WhiteElo "2555"]
[BlackElo "2534"]

1.c4 e5 2.g3 c5 3.Nc3 Nc6 4.Bg2 d6 5.a3 g6 6.b4 Bg7 7.Rb1 Nge7 8.d3 O-O 9.e3 Rb8
10.b5 Na5 11.Nge2 Be6 12.Bd2 f5 13.Qa4 b6 14.O-O g5 15.Nd5 Nxd5 16.Bxd5 Bxd5
17.cxd5 f4 18.exf4 exf4 19.gxf4 gxf4 20.Nxf4 Qh4 21.Kh1 c4 22.Ng2 Qh3 23.dxc4 Rf5
24.Bf4 Be5 25.c5 Bxf4 26.Nxf4 Qf3+ 27.Ng2 dxc5 28.d6 Rd8 29.Rbd1 Rf6 30.d7 Rf7
31.Qh4 Rdxd7 32.Rxd7 Rxd7 33.Re1 Rd1 34.Qg5+ Kf7 35.Qe7+ Kg8 36.Qg5+ Kf7
37.Qe7+ Kg8  1/2-1/2

[Event "Staffordshire GM"]
[Site "Lichfield ENG"]
[Date "2000.07.08"]
[Round "3"]
[White "Kelly,B"]
[Black "Gormally,D"]
[Result "1-0"]
[WhiteElo "2421"]
[BlackElo "2504"]

1.c4 e5 2.g3 Nf6 3.Bg2 d5 4.cxd5 Nxd5 5.Nf3 Nc6 6.O-O Nb6 7.d3 Be7 8.Nbd2 O-O
9.a3 a5 10.b3 Re8 11.Bb2 Bf8 12.Rc1 f6 13.Re1 Be6 14.Qc2 Qd7 15.Ne4 Rad8
16.Nfd2 Qf7 17.Nc5 Bxc5 18.Qxc5 Bd5 19.Qc2 Bxg2 20.Kxg2 f5 21.Nc4 Nd7 22.Qd2 Nc5
23.Qc3 Nd4 24.Nxa5 b6 25.Qc4 Qxc4 26.Rxc4 Rd5 27.b4 bxa5 28.bxc5 Nc6 29.Bc3 e4
30.d4 Rb8 31.a4 Kf7 32.Rc1 Ke6 33.e3 g6 34.h3 Rdd8 35.Bd2 Kd5 36.R4c2 Rb3
37.Ra2 Rdb8 38.g4 Rb2 39.Rc2 Rxa2 40.Rxa2 Rb3 41.gxf5 gxf5 42.Kg3 Nxd4 43.Bxa5 Ne6
44.Bd2 f4+ 45.Kg4 fxe3 46.Bxe3 Nxc5 47.Kf5 Na6 48.Rd2+ Rd3 49.Rb2 Ra3 50.Rb5+ c5
51.Ra5  1-0

[Event "ch-NOR"]
[Site "Asker NOR"]
[Date "2000.07.10"]
[Round "3"]
[White "Leer Salvesen,B"]
[Black "Gabrielsen,S"]
[Result "0-1"]
[WhiteElo "2262"]
[BlackElo "2272"]

1.c4 e5 2.g3 Nc6 3.Bg2 g6 4.Nc3 Bg7 5.Nf3 Nge7 6.O-O O-O 7.d3 d6 8.Rb1 Rb8
9.b4 a6 10.Bd2 h6 11.Qc1 Kh7 12.Nd5 Nxd5 13.cxd5 Ne7 14.e4 c6 15.dxc6 bxc6
16.Be3 f5 17.exf5 Bxf5 18.Qa3 Qd7 19.Rfe1 Rb5 20.Rbc1 Bg4 21.Nd2 Nd5 22.Qxa6 Nxb4
23.Qa4 d5 24.Bc5 Nxd3 25.Bxf8 Bxf8 26.h3 Nxe1 27.Rxe1 Bf5 28.g4 Be6 29.Rxe5 Bg7
30.Re2 Rb2 31.Qa6 Bg8 32.a4 c5 33.Nf3 Rxe2 34.Qxe2 Qxa4 35.Qe7 c4 36.Qh4 Qd1+
37.Kh2 c3 38.Ng5+ Kh8 39.Bf3 Qd2  0-1

[Event "ch-NOR"]
[Site "Asker NOR"]
[Date "2000.07.11"]
[Round "5"]
[White "Leer Salvesen,B"]
[Black "Heim,S"]
[Result "0-1"]
[WhiteElo "2262"]
[BlackElo "2366"]

1.c4 e5 2.g3 Nf6 3.Bg2 d5 4.cxd5 Nxd5 5.Nc3 Nb6 6.Nf3 Nc6 7.d3 Be7 8.O-O O-O
9.Be3 Be6 10.Rc1 Nd5 11.Nxd5 Bxd5 12.Qa4 f6 13.Bc5 Rf7 14.Rfd1 Bxc5 15.Rxc5 Rd7
16.Qb5 a6 17.Qxb7 Ra7 18.Qxc6 Bxc6 19.Rxc6 Rd6 20.Rc2 a5 21.Nd2 f5 22.Nc4 Re6
23.Ne3 Rf6 24.Rdc1 h5 25.Nd5 Rf7 26.Nc3 Kh7 27.Nb5 Ra6 28.Nxc7 Rh6 29.Nd5 h4
30.Rc8 Qg5 31.e3 Qg4 32.Re8 Qe2 33.Rcc8 hxg3 34.fxg3 Qxd3 35.Rh8+ Kg6 36.Rc6+ Rf6
37.Rxh6+ Kxh6 38.Nxf6 Qxe3+ 39.Kf1 gxf6 40.Rxf6+ Kg7 41.Rc6 Qd3+ 42.Kg1 Qd1+
43.Kf2 Qd2+ 44.Kf1 Qxb2 45.h4 Qa1+ 46.Kf2 Qxa2+ 47.Kg1 e4 48.h5 Qd5 49.h6+ Kh7
50.Ra6 a4 51.Kh2 Qb5 52.Re6 a3 53.g4 a2 54.g5 Qb8+  0-1

[Event "Staffordshire GM"]
[Site "Lichfield ENG"]
[Date "2000.07.11"]
[Round "6"]
[White "Kelly,B"]
[Black "Motwani,P"]
[Result "1/2-1/2"]
[WhiteElo "2421"]
[BlackElo "2468"]

1.c4 e5 2.g3 Nf6 3.Bg2 c6 4.d4 exd4 5.Qxd4 Na6 6.Nf3 Bc5 7.Qd1 O-O 8.Nc3 d5
9.cxd5 Nb4 10.O-O Nbxd5 11.Nxd5 Qxd5 12.Qa4 Qe4 13.Qxe4 Nxe4 14.Nd2 Nxd2
15.Bxd2 Re8 16.e3 Bf5 17.Bc3 Rad8 18.Rfd1 f6 19.Bf3 Be6 20.b3 Kf7 21.Kg2 Bb6
22.g4 a5 23.h3 Bc7 24.Rab1 Rxd1 25.Rxd1 Ra8 26.Rb1 g6 27.h4 Bd6 28.g5 Be7
29.gxf6 Bxf6 30.Bxf6 Kxf6 31.Kg3 Ra6 32.Be4 Rb6 33.f3 a4 34.bxa4 Rxb1 35.Bxb1 h6
36.Kf4 g5+ 37.hxg5+ hxg5+ 38.Kg3 Ke5 39.a5 Kd6 40.f4 gxf4+ 41.exf4 Kc5 42.f5 Bf7
43.Kf4 Kb4 44.Ke5 c5 45.Be4 Bxa2 46.Bxb7  1/2-1/2

[Event "ch-NOR"]
[Site "Asker NOR"]
[Date "2000.07.13"]
[Round "7"]
[White "Dannevig,O"]
[Black "Hagesaether,H"]
[Result "1-0"]
[WhiteElo "2356"]
[BlackElo "2215"]

1.c4 e5 2.g3 Nf6 3.Bg2 c6 4.d4 exd4 5.Qxd4 d5 6.cxd5 cxd5 7.Nf3 Nc6 8.Qa4 Bc5
9.O-O O-O 10.Bg5 h6 11.Bxf6 Qxf6 12.Nc3 Be6 13.Ne1 Bb6 14.Nd3 d4 15.Nd5 Bxd5
16.Bxd5 Rfe8 17.Bxc6 bxc6 18.Rfe1 c5 19.Rac1 Qf5 20.Rc2 h5 21.Rec1 h4 22.Qc6 Rac8
23.Qf3 Qxf3 24.exf3 c4 25.Rxc4 Rxc4 26.Rxc4 Re2 27.Kf1 Re6 28.Rc8+ Kh7 29.b4 g5
30.a4  1-0

[Event "ch-SUI"]
[Site "Pontresina SUI"]
[Date "2000.07.13"]
[Round "1"]
[White "Nemet,I"]
[Black "Zueger,B"]
[Result "1-0"]
[WhiteElo "2412"]
[BlackElo "2416"]

1.c4 e5 2.g3 Nf6 3.Bg2 d5 4.cxd5 Nxd5 5.Nc3 Nb6 6.Nf3 Nc6 7.O-O Be7 8.Rb1 f5
9.d3 Bf6 10.Bd2 O-O 11.b4 a6 12.a4 a5 13.bxa5 Nxa5 14.Nb5 Kh8 15.Qc2 Nc6
16.a5 Nd7 17.e4 Ndb8 18.Rfe1 Na6 19.Bc3 fxe4 20.dxe4 Bg4 21.h3 Bxf3 22.Bxf3 Be7
23.Bg2 Nab4 24.Bxb4 Bxb4 25.Red1 Qe7 26.Nxc7 Qxc7 27.Rxb4 Rxa5 28.Rd5 Ra1+
29.Kh2 Qf7 30.Rb2 h6 31.Qd3 Ra7 32.Rd7 Qf6 33.Rd6 Qf7 34.Qd5 Qe7 35.Rd7 Qf6
36.Qd6 Qxd6 37.Rxd6 Nd4 38.f4 Nc6 39.f5 Re8 40.Rd7 Rb8  1-0

[Event "It"]
[Site "Techirghiol ROM"]
[Date "2000.07.13"]
[Round "11"]
[White "Tikhomirov,S"]
[Black "Nanu,C"]
[Result "1/2-1/2"]
[WhiteElo "2238"]
[BlackElo "2342"]

1.c4 e5 2.g3 Nc6 3.Bg2 Nf6 4.d3 d5 5.cxd5 Nxd5 6.Nc3 Be6 7.Nf3 Be7 8.Ng5 Bxg5
9.Bxg5 Qxg5 10.Nxd5 Qd8 11.Ne3 O-O 12.O-O Nd4 13.Nc2 Bd5 14.Nxd4 Bxg2 15.Ne6 Qe7
16.Nxf8 Bxf1 17.Kxf1 Rxf8 18.Qb3 c6 19.Rc1  1/2-1/2

[Event "ch-NOR"]
[Site "Asker NOR"]
[Date "2000.07.14"]
[Round "8"]
[White "Leer Salvesen,B"]
[Black "Hagesaether,H"]
[Result "1/2-1/2"]
[WhiteElo "2262"]
[BlackElo "2215"]

1.c4 e5 2.g3 Nf6 3.Bg2 c6 4.Nf3 e4 5.Nd4 d5 6.cxd5 Qxd5 7.Nc2 Qh5 8.h3 Qg6
9.Nc3 Bd6 10.d3 exd3 11.Qxd3 Qxd3 12.exd3 O-O 13.O-O Bc7 14.d4 Nbd7 15.Bg5  1/2-1/2

[Event "ch-Paris"]
[Site "Paris FRA"]
[Date "2000.07.16"]
[Round "2"]
[White "Spiridonov,N"]
[Black "Fievet,P"]
[Result "1-0"]
[WhiteElo "2400"]
[BlackElo "2099"]

1.c4 e5 2.g3 Nf6 3.Bg2 Bc5 4.Nc3 O-O 5.e3 Nc6 6.Nge2 d6 7.O-O Bg4 8.h3 Be6
9.d4 exd4 10.exd4 Nxd4 11.Nxd4 Bxc4 12.Re1 c6 13.Be3 Re8 14.Qa4 Bd3 15.Red1 Bg6
16.Nxc6 Qb6 17.Bxc5 dxc5 18.Na5 Qxb2 19.Qb3 Qxb3 20.axb3 Rab8 21.Nxb7 Bc2
22.Rdc1 Bxb3 23.Nxc5 Rec8 24.Nxb3 Rxb3 25.Nd5 Rxc1+ 26.Rxc1 h6 27.Rc8+ Kh7
28.Nxf6+ gxf6 29.Rc7 Ra3 30.Bd5 a5 31.Kg2 Ra1 32.Bxf7 a4 33.Ra7 a3 34.Ba2+  1-0

[Event "ch-SCO"]
[Site "Glasgow SCO"]
[Date "2000.07.17"]
[Round "3"]
[White "Grant,J"]
[Black "Stevenson,J"]
[Result "1-0"]
[WhiteElo "2208"]
[BlackElo "2133"]

1.c4 e5 2.g3 Nf6 3.Bg2 Nc6 4.Nc3 Bb4 5.d3 O-O 6.e4 Nd4 7.a3 Bxc3+ 8.bxc3 Ne6
9.f4 exf4 10.gxf4 d6 11.f5 Nc5 12.Bg5 Re8 13.Ne2 d5 14.cxd5 c6 15.O-O Qd6
16.Ng3 Ncd7 17.d4 Qc7 18.d6 Qa5 19.Bd2 Qa6 20.Qf3 Nb6 21.e5 Nfd5 22.Nh5 Bd7
23.Bh6 Qc4 24.Nxg7 Qxc3 25.Qg4 Ne3 26.Qg5 f6 27.exf6  1-0

[Event "ch-Paris"]
[Site "Paris FRA"]
[Date "2000.07.17"]
[Round "3"]
[White "Appleberry,M"]
[Black "Bouchet,N"]
[Result "0-1"]
[WhiteElo "2291"]
[BlackElo "2210"]

1.c4 e5 2.g3 Nf6 3.Bg2 d5 4.cxd5 Nxd5 5.Nf3 Nc6 6.O-O Nb6 7.d3 Be7 8.a3 a5
9.b3 Bf6 10.Ra2 Be6 11.Rd2 a4 12.bxa4 Nxa4 13.d4 exd4 14.Nxd4 Nxd4 15.e3 O-O
16.exd4 Bd5 17.Qh5 Ra5  0-1

[Event "ch-Paris"]
[Site "Paris FRA"]
[Date "2000.07.18"]
[Round "4"]
[White "Marcelin,C"]
[Black "Jeanjean,D"]
[Result "1-0"]
[WhiteElo "2433"]
[BlackElo "2061"]

1.c4 e5 2.g3 Nf6 3.Bg2 Bc5 4.Nc3 Nc6 5.a3 a5 6.e3 d6 7.Nge2 O-O 8.O-O Bb6
9.d4 Ne7 10.b3 c6 11.Bb2 Bg4 12.h3 Be6 13.Kh2 exd4 14.Nxd4 d5 15.cxd5 Bxd5
16.Nxd5 cxd5 17.Qf3 Qd7 18.Rad1 Rfd8 19.Ne2 Ne4 20.Nf4 a4 21.Nxd5  1-0

[Event "10th Smith & Williamson YM"]
[Site "Witley ENG"]
[Date "2000.07.18"]
[Round "5"]
[White "Menon,S"]
[Black "Palliser,R"]
[Result "0-1"]
[WhiteElo "2237"]
[BlackElo "2322"]

1.c4 e5 2.g3 d6 3.Bg2 g6 4.Nc3 Bg7 5.e4 Nc6 6.d3 f5 7.Nge2 Nf6 8.O-O O-O
9.Nd5 Ne7 10.Nxf6+ Bxf6 11.Bh6 Rf7 12.Qd2 Be6 13.Rac1 c6 14.Rfe1 Qd7 15.f4 Kh8
16.d4 fxe4 17.Bxe4 exf4 18.Nxf4 Bf5 19.d5 Ng8 20.Ne6 Nxh6 21.Qxh6 Bxe6 22.dxe6 Qxe6
23.Bxc6 Qg4 24.Bd5 Bg5 25.Qxg5 Qxg5 26.Bxf7 Rf8 27.Bd5 b5 28.Rcd1 bxc4 29.Kg2 Qf6
30.Bxc4 Qf2+ 31.Kh1 Qxb2 32.Re2 Qc3 33.Bd5 Rf5 34.Kg2 Re5 35.Red2 Re3 36.Bb3 Qe5
37.Rf2 Qe4+ 38.Kh3 Qe5 39.Rc1 Re2 40.Rxe2 Qxe2 41.Rd1 Kg7 42.Rxd6 Qf1+ 43.Kh4 Kh6
44.Rd5 Qg2 45.Kg4 Qxh2 46.Kf3 Qg1 47.g4 Qf1+ 48.Kg3 Qe1+ 49.Kf3 a5 50.Rd1 Qb4
51.Rh1+ Kg7 52.Bd5 Kf6 53.Rxh7 Qc3+  0-1

[Event "10th Open"]
[Site "Jyvaskyla FIN"]
[Date "2000.07.19"]
[Round "2"]
[White "Liitiainen,E"]
[Black "Pulkkinen,K"]
[Result "0-1"]
[WhiteElo "2081"]
[BlackElo "2296"]

1.c4 e5 2.g3 Nf6 3.Bg2 Nc6 4.d3 Bb4+ 5.Nd2 a5 6.a3 Bc5 7.Ngf3 d6 8.O-O O-O
9.b3 h6 10.Bb2 Be6 11.e3 Ba7 12.Qe2 Bf5 13.Bc3 Re8 14.Ne4 Nxe4 15.dxe4 Be6
16.Qd3 Qd7 17.Nd2 Bc5 18.Bb2 f6 19.Rac1 h5 20.Nb1 h4 21.Nc3 hxg3 22.hxg3 Bh3
23.Rfd1 Kf7 24.Nd5 Rh8 25.Qf1 Rh6 26.Ra1 Rah8 27.Bc3 Nd8 28.b4 Ba7 29.Rd2 c6  0-1

[Event "10th Open"]
[Site "Jyvaskyla FIN"]
[Date "2000.07.21"]
[Round "6"]
[White "Liitiainen,E"]
[Black "Nippula,T"]
[Result "1-0"]
[WhiteElo "2081"]
[BlackElo "2213"]

1.c4 e5 2.g3 Nf6 3.Bg2 Nc6 4.Nc3 Bb4 5.Nf3 O-O 6.Qc2 Re8 7.a3 Bf8 8.d3 d6
9.O-O Be6 10.b4 Qc8 11.Bb2 Bh3 12.e4 Ne7 13.Nd5 Nh5 14.Bxh3 Qxh3 15.Nxc7 Ng6
16.Nxa8 Ngf4 17.Ne1 Re6 18.Qd1 Rh6 19.Qd2 Be7 20.Nc7 Bh4 21.Nd5 Bxg3 22.fxg3 Nxg3
23.Rxf4 exf4 24.Qg2  1-0

[Event "10th Open"]
[Site "Jyvaskyla FIN"]
[Date "2000.07.21"]
[Round "6"]
[White "Sorsa,M"]
[Black "Issakainen,A"]
[Result "0-1"]
[WhiteElo "2130"]
[BlackElo "2221"]

1.c4 e5 2.g3 c6 3.Bg2 Nf6 4.d4 exd4 5.Qxd4 Na6 6.Nf3 Bc5 7.Qe5+ Be7 8.O-O O-O
9.Nbd2 Re8 10.e3 d5 11.Qc3 Bf5 12.a3 Rc8 13.Nd4 Bg6 14.Bh3 Rc7 15.b4 dxc4
16.Nxc4 c5 17.bxc5 Nxc5 18.Nf5 Bf8 19.f3 b5 20.Na5 Nce4 21.Qb2 Ng5 22.Kg2 Nxh3
23.e4 Bxf5 24.exf5 Qd3  0-1

[Event "15th Open"]
[Site "Avoine FRA"]
[Date "2000.07.22"]
[Round "1"]
[White "Renaud,O"]
[Black "Olarasu,G"]
[Result "1/2-1/2"]
[WhiteElo "2115"]
[BlackElo "2373"]

1.c4 e5 2.g3 Nf6 3.Bg2 d5 4.cxd5 Nxd5 5.Nc3 Nb6 6.Nf3 Nc6 7.O-O Be7 8.d3 O-O
9.a3 Be6 10.b4 f6 11.Bb2 Qd7 12.Rc1 a5 13.b5 Nd4 14.Nxd4 exd4 15.Ne4 Qxb5
16.Bxd4 Bxa3 17.Rxc7 Nd5 18.Nc3 Nxc3 19.Bxc3 Rab8 20.Qb1 Bb4 21.Bxb4 axb4
22.Rfc1 Rfc8 23.Rxc8+ Rxc8 24.Rxc8+ Bxc8 25.Qb3+ Kf8 26.Bd5 Bd7 27.Kf1 Ke7
28.Ke1 Kd6 29.Bc4 Qa5 30.Qa2 Qe5 31.Bb3 Qc3+ 32.Kd1 Qd4 33.Qd2 g5 34.e3 Bg4+
35.Kc2 Qc5+ 36.Kb1 Bf5 37.e4 Bg6 38.Qc2 Qxc2+ 39.Kxc2 Kc5 40.h4 gxh4 41.gxh4 Kd4
42.Kd2 h6 43.Bd5 b6 44.Bb3 Be8 45.f4 Bb5 46.Bc2 Ba6 47.f5 Bb5 48.Bb3 Bxd3
49.e5 fxe5 50.f6 Bg6 51.f7 Bxf7 52.Bxf7 e4 53.Bb3 e3+ 54.Kc2 Ke4 55.Kd1 Kd3
56.Bf7 Ke4 57.Ke2 h5 58.Bxh5  1/2-1/2

[Event "Open"]
[Site "Bergen NOR"]
[Date "2000.07.23"]
[Round "3"]
[White "Spanton,T"]
[Black "Myhrvold,R"]
[Result "1-0"]
[WhiteElo "2081"]
[BlackElo "2253"]

1.c4 e5 2.g3 c6 3.d4 exd4 4.Qxd4 d5 5.Nc3 dxc4 6.Qxd8+ Kxd8 7.Bg5+ f6 8.O-O-O+ Ke8
9.Be3 Nd7 10.Nf3 Nb6 11.Bg2 Ne7 12.Rd4 Ned5 13.Rhd1 Kf7 14.Nxd5 cxd5 15.Ne1 Bc5
16.Bxd5+ Nxd5 17.Rxd5 Bxe3+ 18.fxe3 Be6 19.Rd6 Ke7 20.Nf3 Rhd8 21.Rxd8 Rxd8
22.Rxd8 Kxd8 23.Kc2 Kc7 24.Kc3 b5 25.Kb4 Kb6 26.Nd4 a5+ 27.Kc3 b4+ 28.Kd2 Bd7
29.Kc2 Kc5 30.Kd2 Kd5 31.Nc2 Ba4 32.Nd4 g6 33.Nf3 Ke4 34.Nd4 Bd7 35.Nc2 Kf5
36.Nd4+ Kg4 37.Nf3 Kh3 38.e4 Be6 39.e5 h6 40.exf6 g5 41.Ne5 g4 42.f7 Bxf7
43.Nxf7 h5 44.e4 Kxh2 45.e5 Kxg3 46.e6 h4 47.e7 h3 48.e8=Q Kg2  1-0

[Event "Open"]
[Site "Bergen NOR"]
[Date "2000.07.24"]
[Round "4"]
[White "Ekeberg,C"]
[Black "Gabrielsen,S"]
[Result "1/2-1/2"]
[WhiteElo "2066"]
[BlackElo "2305"]

1.c4 e5 2.g3 Nc6 3.Bg2 g6 4.Nc3 Bg7 5.e4 d6 6.d3 Be6 7.Nge2 Qd7 8.Nd5 h5
9.h4 O-O-O 10.Rb1 f5 11.b4 Rf8 12.b5 Nd4 13.Nxd4 Bxd5 14.cxd5 exd4 15.Qa4 Kb8
16.Rb3 Ne7 17.O-O f4 18.Ra3 Nc8 19.b6 Qxa4 20.bxc7+ Kxc7 21.Rxa4 b5 22.Rb4 fxg3
23.fxg3 Rxf1+ 24.Bxf1 Kb6 25.Bh3 a5 26.Rb2 Na7 27.Bg5 Rb8 28.Bd2 Be5 29.Kg2 Rb7
30.Rc2 b4 31.Bg5 Kb5 32.Kf2 a4 33.Rb2 b3 34.Bd2 Kc5 35.axb3 Rxb3 36.Rxb3 axb3
37.Bc1 Nb5 38.Bd7 Nc3 39.Ba3+ Kb6 40.Be8 Nd1+ 41.Kf3 b2 42.Bxb2 Nxb2 43.Bxg6 Nxd3
44.Bxh5 Kc7 45.Be8 Kd8 46.Bb5 Nc5 47.g4 Ke7 48.g5 Kf7 49.h5 Bh2 50.h6 Be5
51.Kg4 Nxe4 52.Kf5 Nc5 53.g6+ Kf8 54.Be2 d3 55.Bh5 Kg8 56.Bd1 Bb2 57.g7 Nd7
58.Ke6 Nf6 59.Kxd6 Kf7 60.Kc6 Bc1 61.d6 Bxh6 62.Bb3+ Kxg7 63.d7 Nxd7  1/2-1/2

[Event "Open"]
[Site "Bergen NOR"]
[Date "2000.07.24"]
[Round "4"]
[White "Kvamme,J"]
[Black "Flaata,A"]
[Result "1-0"]
[WhiteElo "2207"]
[BlackElo "2099"]

1.g3 e5 2.c4 Nc6 3.Bg2 g6 4.Nc3 Bg7 5.e4 d6 6.Nge2 f5 7.d3 Nf6 8.O-O O-O
9.h3 Nh5 10.exf5 gxf5 11.f4 Be6 12.Nd5 Kh8 13.Kh2 Nf6 14.Be3 Bxd5 15.Bxd5 Nxd5
16.cxd5 Ne7 17.Qb3 Ng6 18.Rac1 b6 19.d4 e4 20.Nc3 Rf7 21.Qd1 Qe7 22.Qh5 a6
23.Rc2 Re8 24.a4 Rb8 25.Qe2 a5 26.Nb5 Rb7 27.Rfc1 Qd8 28.Rc6 Rd7 29.Qc4 h5
30.Qe2 Ne7 31.Qxh5+ Kg8 32.Bf2 e3 33.Bxe3 Nxd5 34.Qxf5 Nxe3 35.Qe6+ Kh8 36.Qxe3 Re7
37.Qf3 Qe8 38.R6c2 c6 39.Qxc6 Re2+ 40.Rxe2 Qxe2+ 41.Qg2 Re7 42.Rc2 Qd1 43.Rc8+ Kh7
44.Qc2+  1-0

[Event "MTO Open"]
[Site "Biel SUI"]
[Date "2000.07.24"]
[Round "1"]
[White "Heedt,T"]
[Black "Pikula,D"]
[Result "0-1"]
[WhiteElo "2223"]
[BlackElo "2503"]

1.c4 e5 2.g3 Nc6 3.Bg2 g6 4.Nc3 Bg7 5.e3 d6 6.h3 Be6 7.Nd5 Qd7 8.Rb1 Nd8
9.d3 c6 10.Nc3 Ne7 11.Nf3 h6 12.g4 f5 13.g5 Nf7 14.e4 f4 15.gxh6 Rxh6 16.h4 Bf6
17.d4 Bxc4 18.b3 Be6 19.Ba3 Bg4 20.dxe5 dxe5 21.Qc2 Rd8 22.Rd1 Qc8 23.Rxd8+ Qxd8
24.Na4 Kf8 25.Qc5 Qd3 26.Qc4 Qb1+  0-1

[Event "Open"]
[Site "Dieren NED"]
[Date "2000.07.24"]
[Round "6"]
[White "Hendriks,W"]
[Black "'t Jong,E"]
[Result "1-0"]
[WhiteElo "2378"]
[BlackElo "2114"]

1.c4 e5 2.g3 d6 3.Bg2 f5 4.e3 Nf6 5.Nc3 Be7 6.Nge2 O-O 7.d4 c6 8.O-O Qe8
9.b3 Nh5 10.f4 exf4 11.exf4 Nf6 12.Qd3 Na6 13.Ba3 Nc7 14.d5 c5 15.Rae1 b6
16.Kh1 Bd7 17.Ng1 Qf7 18.Nf3 h6 19.Bb2 Rfe8 20.Kg1 Bf8 21.Ne5 Qe7 22.Re2 Qd8
23.Nc6 Bxc6 24.dxc6 Rxe2 25.Nxe2 Qe7 26.Nc3 g6 27.Nd5 Nfxd5 28.Bxd5+ Kh7
29.Bc3 Re8 30.Re1 Qd8 31.Bf3 Rxe1+ 32.Bxe1 Qe7 33.Bd2 Bg7 34.h4 h5 35.Kg2 Kg8
36.b4 Bd4 37.a4 Kg7 38.b5 Qe6 39.a5 Qf6 40.axb6 axb6 41.Qa3 Qe7 42.Qa7 d5
43.cxd5 c4 44.Qa4 Nxd5 45.Qxc4 Ne3+ 46.Bxe3 Qxe3 47.Qd5 g5 48.fxg5 f4 49.Qd7+ Kf8
50.Qf5+  1-0